| 000 | 00830nam a22002651 4500 | ||
|---|---|---|---|
| 001 | 16735 | ||
| 003 | BD-RjUL | ||
| 005 | 20211209000038.0 | ||
| 008 | 140215r19691967nyua b 001 0 eng | ||
| 035 | _a(BD-RjUL)16790 | ||
| 040 |
_aDLC _cDLC _dDLC _dBD-RjUL _beng |
||
| 041 | _aeng | ||
| 082 | 0 | 0 |
_a724.9 _bECP 1969 |
| 100 | 1 |
_aEckardt, Wolf von, _d1918- _951689 |
|
| 245 | 1 | 2 |
_aA place to live : _bthe crisis of the cities / _cForeword by August Heckscher. |
| 260 |
_aNew York : _bDelacorte Press, _cc1967 [Reprinted 1969]. |
||
| 300 |
_axviii, 430 p. : _bill. ; _c22 cm. |
||
| 500 | _a"A Seymour Lawrence book." | ||
| 504 | _aBibliography: p. 409-414. and index. | ||
| 650 | 0 |
_aArchitecture, Modern _y20th century. _950847 |
|
| 650 | 0 |
_aCity planning. _951690 |
|
| 942 |
_2ddc _cBK |
||
| 999 |
_c16735 _d16735 |
||